| 000 | 02881cam a2200397 i 4500 | ||
|---|---|---|---|
| 001 | 20306528 | ||
| 003 | OSt | ||
| 005 | 20250610134736.0 | ||
| 008 | 180125s2018 nyu b 001 0 eng | ||
| 010 | _a 2017057287 | ||
| 020 | _a9781108710190 | ||
| 020 | _a9781107186927 (hardback) | ||
| 020 | _a9781316637487 (paperback) | ||
| 040 |
_aDLC _beng _cDLC _erda _dDLC |
||
| 042 | _apcc | ||
| 043 | _aa-ii--- | ||
| 050 | 0 | 0 |
_aHC433 _b.R698 2018 |
| 082 | 0 | 0 |
_a330.954 _bROY/B |
| 100 |
_aRoy, Tirthankar _eauthor. _9998 |
||
| 245 | 1 | 2 |
_aA business history of India : _benterprise and the emergence of capitalism from 1700 / _cTirthankar Roy, London School of Economics and Political Science. |
| 250 | _a1 Edition. | ||
| 264 | 1 |
_aNew York : _bCambridge University Press, _c2018. |
|
| 300 |
_axiv, 298 pages ; _c24 cm |
||
| 336 |
_atext _btxt _2rdacontent |
||
| 337 |
_aunmediated _bn _2rdamedia |
||
| 338 |
_avolume _bnc _2rdacarrier |
||
| 504 | _aIncludes bibliographical references (pages 266-284) and index. | ||
| 505 | 8 | _aMachine generated contents note: Preface; List of Figures; List of Tables; List of Maps; List of Boxes; 1. Introduction; 2. The Baseline at 1700; 3. Indian Ocean Sphere 1700-1850; 4. Capital and Empire 1850-1930: Trade and Finance; 5. Capital and Empire 1850-1930: Industry; 6. State and Industrialization 1930-1950; 7. State and Industrialization 1950-1980; 8. Revival 1980-2000; 9. Capital and Globalization 2000-2015; 10. Conclusion; References; Index. | |
| 520 |
_a"In recent decades, private investment has led to an economic resurgence in India. But this is not the first time the region has witnessed impressive business growth. There have been many similar stories over the past 300 years. India's economic history shows that capital was relatively expensive. How, then, did capitalism flourish in the region? How did companies and entrepreneurs deal with the shortage of key resources? Has there been a common pattern in responses to these issues over the centuries? Through detailed case studies of firms, entrepreneurs, and business commodities, Tirthankar Roy answers these questions. Roy bridges the approaches of business and economic history, illustrating the development of a distinctive regional capitalism. On each occasion of growth, connections with the global economy helped firms and entrepreneurs better manage risks. Making these deep connections between India's economic past and present shows why history matters in its remaking of capitalism today"-- _cProvided by publisher. |
||
| 650 | 0 |
_aBusiness _zIndia _xHistory. |
|
| 650 | 0 | _aEconomic history. | |
| 651 | 0 |
_aIndia _xEconomic conditions. |
|
| 651 | 0 |
_aIndia _xSocial conditions. |
|
| 942 |
_2ddc _cBK _h330.954 _iROY/B _k330.954 _mROY/B |
||
| 999 |
_c44560 _d44560 |
||